|
|
|
|
| LEADER |
00000nam0a2200000 4500 |
| 001 |
348872 |
| 005 |
20231102010141.0 |
| 035 |
|
|
|a (RuTPU)RU\TPU\retro\729
|
| 090 |
|
|
|a 348872
|
| 100 |
|
|
|a 20180323d1949 m y0rusy50 ca
|
| 101 |
0 |
|
|a rus
|
| 102 |
|
|
|a RU
|
| 105 |
|
|
|a a j 000zy
|
| 200 |
1 |
|
|a Судовые паровые турбины
|e учебное пособие для вузов
|f С. Ф. Абрамович, А. Г. Курзон, А. А. Моисеев
|g под ред. А. А. Моисеева
|
| 210 |
|
|
|a Москва
|a Ленинград
|c Морской транспорт
|d 1949
|
| 215 |
|
|
|a 460 с.
|c ил.
|
| 606 |
1 |
|
|a Судовые турбины паровые
|2 stltpush
|3 (RuTPU)RU\TPU\subj\58213
|9 76020
|
| 610 |
1 |
|
|a конструкции
|
| 610 |
1 |
|
|a проточная часть
|
| 610 |
1 |
|
|a роторы
|
| 610 |
1 |
|
|a статоры
|
| 610 |
1 |
|
|a органы управления
|
| 610 |
1 |
|
|a органы регулирования
|
| 610 |
1 |
|
|a зубчатые передачи
|
| 610 |
1 |
|
|a конденсаторы
|
| 610 |
1 |
|
|a теория
|
| 610 |
1 |
|
|a преобразование энергии
|
| 610 |
1 |
|
|a пар
|
| 610 |
1 |
|
|a сопла
|
| 610 |
1 |
|
|a лопатки
|
| 610 |
1 |
|
|a механические потери
|
| 610 |
1 |
|
|a тепловой процесс
|
| 610 |
1 |
|
|a тепловые расчеты
|
| 610 |
1 |
|
|a диски
|
| 610 |
1 |
|
|a подшипники
|
| 610 |
1 |
|
|a барабаны
|
| 610 |
1 |
|
|a турбинные установки
|
| 610 |
1 |
|
|a эксплуатация
|
| 610 |
1 |
|
|a остановка
|
| 610 |
1 |
|
|a учебные пособия
|
| 675 |
|
|
|a 629.12-8(075.8)
|v 4
|
| 700 |
|
1 |
|a Абрамович
|b С. Ф.
|
| 701 |
|
1 |
|a Курзон
|b А. Г.
|
| 701 |
|
1 |
|a Моисеев
|b А. А.
|
| 702 |
|
1 |
|a Моисеев
|b А. А.
|4 340
|
| 801 |
|
1 |
|a RU
|b 63413507
|c 20180323
|
| 801 |
|
2 |
|a RU
|b 63413507
|c 20180323
|g RCR
|
| 942 |
|
|
|c BK
|